| 000 | 00549nam a2200205Ia 4500 | ||
|---|---|---|---|
| 005 | 20260429111908.0 | ||
| 008 | 260429s9999||||xx |||||||||||||| ||und|| | ||
| 020 | _a9789360845292 | ||
| 041 | _aEnglish | ||
| 082 |
_a781.62054 _bCHA |
||
| 100 | _aChakravarthy, P. | ||
| 245 | 0 |
_aAncient Indian music / _cP. Chakravarthy |
|
| 260 |
_aNew Delhi : _bWordpen Academics, _c2026. |
||
| 300 | _aviii, 251 p.; hb | ||
| 650 | _a Indian music | ||
| 650 | _aAncient music | ||
| 700 | _a George, Rajesh P. | ||
| 700 | _a Kumar, Anikha S. | ||
| 942 | _cTB | ||
| 999 |
_c51319 _d51319 |
||